История Ирана с древнейших времен до конца XVIII века / (Record no. 316842)
[ view plain ]
| 000 -LEADER | |
|---|---|
| fixed length control field | 00997nam a2200229 a 4500 |
| 001 - CONTROL NUMBER | |
| control field | 000923101 |
| 003 - CONTROL NUMBER IDENTIFIER | |
| control field | AM-YeHGA |
| 005 - DATE AND TIME OF LATEST TRANSACTION | |
| control field | 20250617145704.0 |
| 008 - FIXED-LENGTH DATA ELEMENTS--GENERAL INFORMATION | |
| fixed length control field | 121029s1958 ||||||||||||||||||||rus|c |
| 040 ## - CATALOGING SOURCE | |
| Original cataloging agency | AM-YeHGA |
| 041 0# - LANGUAGE CODE | |
| Language code of text/sound track or separate title | rus |
| 090 ## - LOCALLY ASSIGNED LC-TYPE CALL NUMBER (OCLC); LOCAL CALL NUMBER (RLIN) | |
| -- | 318570 |
| 245 00 - TITLE STATEMENT | |
| Title | История Ирана с древнейших времен до конца XVIII века / |
| Statement of responsibility, etc. | Н.В. Пигулевская и др. ; Под ред. В.В. Струве ; ЛГУ им. А.А. Жданова. |
| 260 ## - PUBLICATION, DISTRIBUTION, ETC. | |
| Place of publication, distribution, etc. | Ленинград : |
| Name of publisher, distributor, etc. | ЛГУ, |
| Date of publication, distribution, etc. | 1958. |
| 300 ## - PHYSICAL DESCRIPTION | |
| Extent | 390 с. |
| 650 14 - SUBJECT ADDED ENTRY--TOPICAL TERM | |
| Topical term or geographic name entry element | История Ирана |
| 700 1# - ADDED ENTRY--PERSONAL NAME | |
| Personal name | Пигулевская, Нина Викторовна |
| Dates associated with a name | 1894-1970 |
| 700 1# - ADDED ENTRY--PERSONAL NAME | |
| Personal name | Якубовский, Александр Юрьевич |
| 700 1# - ADDED ENTRY--PERSONAL NAME | |
| Personal name | Петрушевский, Илья Павлович |
| Dates associated with a name | 1898-1977 |
| 700 1# - ADDED ENTRY--PERSONAL NAME | |
| Personal name | Струве, Василий Васильевич |
| Dates associated with a name | 1889-1965 |
| Relationship | edt |
| 710 2# - ADDED ENTRY--CORPORATE NAME | |
| Corporate name or jurisdiction name as entry element | Ленинградский гос. ун-т им. А.А. Жданова |
| Withdrawn status | Lost status | Source of classification or shelving scheme | Damaged status | Not for loan | Collection | Home library | Current library | Date acquired | Total checkouts | Full call number | Barcode | Date last seen | Price effective from | Koha item type | Public note |
|---|---|---|---|---|---|---|---|---|---|---|---|---|---|---|---|
| Universal Decimal Classification | Hovhannisian Individual Collection | Fundamental Scientific Library | Fundamental Scientific Library | 09/01/2017 | Иоан/295 | FL0437084 | 09/01/2017 | 09/01/2017 | Գրքեր / Books | ILL Non-Circ. | |||||
| Universal Decimal Classification | Lipin Individual Collection | Fundamental Scientific Library | Fundamental Scientific Library | 09/01/2017 | Лип/12 | FL0276543 | 09/01/2017 | 09/01/2017 | Գրքեր / Books | ILL Non-Circ. | |||||
| Universal Decimal Classification | General | Fundamental Scientific Library | Fundamental Scientific Library | 02/05/2019 | РД III/14126 | FL0577596 | 02/05/2019 | 02/05/2019 | Գրքեր / Books | 30 Days Load |
ՀՀ Գիտությունների ազգային ակադեմիայի հիմնարար գիտական գրադարան = Fundamental Scientific Library of NAS RA
All site content, except where otherwise noted, is licensed under a